000 00928cam a2200277 a 4500
001 000019655
005 20200929170107.0
008 960827s1964 sp 001 p spa d
040 _aDO-SdBNP
_bspa
_cBNPHU
082 _a861.64
_bV181c, 1964
100 1 _aValle-Inclán, Ramón del,
_d1866-1936
_93325
245 1 0 _aClaves líricas :
_baromas de leyenda, el pasajero, la pipa de kif /
_cRamón del Valle-Inclán.
250 _a2a ed.
260 _aMadrid :
_bEspasa-Calpe,
_c1964.
300 _a159, [17] p. ;
_c18 cm.
490 1 _aAustral
_v621
500 _aIncluye índice de autores
563 _aTres obres encuadernadas juntas con paginación contínua
650 4 _aPoesía española
_9631
650 4 _aLiteratura española
_ySIGLO XX
_93326
740 0 2 _aAromas de leyenda
740 3 2 _aEl pasajero
740 3 2 _aLa pipa de kif
830 0 _aAustral
_n621
_942102
910 _aValidado. Control de calidad MFF
999 _c19171
_d19171